Places by Picture - Statistics

General Stats
  • This quiz has been taken 21 times
  • The average score is 6 of 16
Answer Stats
Picture Hint Answer % Correct
City Los Angeles
95%
Statue Little Mermaid
81%
Archipelago Galapagos
62%
Country Brazil
48%
Country Singapore
48%
Region Bavaria
43%
Country Madagascar
38%
City Paris
38%
Country Kuwait
29%
Building Taipei 101
24%
Country Tanzania
24%
Island Socotra
14%
Building Alhambra
10%
City Krakow
10%
Country Turkmenistan
10%
Island Robben Island
5%
No matching quizzes found
Score Distribution
Percent of People with Each Score
Percentile by Number Answered
Your Score History
You have not taken this quiz